00765nam a2200193 a 450000100100000000500170001000800410002704000250006808200150009310000390010824501230014726000420027030000270031250000640033950400290040304900090043295201130044199900170055400002879520200930055137.0110412s2000 dr a 000 0 spa d aDO-SdBNPbspacBNPHU axxxbR666d1 aRobiou Lamarche, Sebastián9966910aDe la trinidad a la cuaternidad :bel simbolismo esotérico de la capilla del Rosario /cSebastián Robiou Lamarche. aSanto Domingo :bPunto y Coma,c2000. a49 p. :bil. ;c22 cm. aIncluye datos biográficos del autor en la contracubierta. aBibliografías p. 46-48 aBNPD 0010718PDaPDbPDcCTd2011-04-12iLF1l0oxxx R666dp28795-10r2020-06-25w2020-06-25yLFPDZNo se presta c28287d28287